| 000 | 00681cam a22002414a 4500 | ||
|---|---|---|---|
| 003 | UPN | ||
| 005 | 20220610063459.0 | ||
| 008 | 090206s1997 es a r 000 1 spa d | ||
| 020 | _a8426156711 | ||
| 035 | _aUPN01000168960 | ||
| 040 |
_aUPN _bspa _cUPN |
||
| 049 | _aCG | ||
| 050 | 4 |
_aPQ6672 I4.4 _bE3 1997 |
|
| 100 | 1 |
_aVillar, Julio, _d1943- _943926 |
|
| 245 | 1 | 1 |
_a¡Eh, Petrel! : _bcuaderno de un navegante solitario / _cJulio Villar. |
| 250 | _a8a ed. | ||
| 260 |
_aBarcelona, Esp. : _bJuventud, _c1997. |
||
| 300 |
_a244 p. : _bil. |
||
| 600 | 1 | 4 |
_aVillar, Julio, _d1943- - _xViajes _943925 |
| 650 | 0 |
_aViajes y travesías _911045 |
|
| 905 | _aLibro | ||
| 942 |
_2lcc _cLIBRO |
||
| 999 |
_c141066 _d141066 |
||